Ahmadiyya movement-in-Islam, Nigeria (1916- 2016) a manifestation of da’wah
Guardat en:
| Autor principal: | |
|---|---|
| Format: | Llibre |
| Idioma: | anglès |
| Publicat: |
University of Lagos Press
2017.
|
| Etiquetes: |
Afegir etiqueta
Sense etiquetes, Sigues el primer a etiquetar aquest registre!
|
MARC
| LEADER | 00000nam a22000007a 4500 | ||
|---|---|---|---|
| 008 | 210122b ||||| |||| 00| 0 eng d | ||
| 020 | |a 978-978-959-524-2 | ||
| 100 | |a MUSA, I.A. | ||
| 245 | |a Ahmadiyya movement-in-Islam, Nigeria (1916- 2016) |b a manifestation of da’wah | ||
| 260 | |b University of Lagos Press |c 2017. |h Lagos |i 693521 |i 693522. |l BP195 .A5M97 | ||
| 942 | |a lcc |c BK |e j o ifatola |f 22/1/2021 | ||
| 952 | |0 0 |1 0 |2 lcc |4 0 |6 BP0195 A5 M97 |7 0 |9 1506 |a HOL |b HOL |c AF |d 2021-01-22 |l 0 |o BP195 .A5M97 |p 2021-0303 |r 2021-01-22 00:00:00 |w 2021-01-22 |y BK | ||
| 952 | |0 0 |1 0 |2 lcc |4 0 |6 BP0195 A5 M97 |7 0 |9 1507 |a HOL |b ART |c AF |d 2021-01-22 |l 0 |o BP195 .A5M97 |r 2021-01-22 00:00:00 |w 2021-01-22 |y BK | ||
| 999 | |c 790 |d 790 | ||